Statistics for List of Major Wars in the 20th and 21st Century

Click here to take the quiz!

General Stats

  • This quiz has been taken 180 times
    (174 since last reset)
  • The average score is 9 of 39

Answer Stats

HintAnswer% Correct
1914-1918World War 1
95%
1939-1945World War 2
91%
1950-1953Korean War
70%
1955-1975Vietnam War
66%
2022Russian Invasion of Ukraine #2
63%
1990-1991Gulf War
53%
2003-2011Iraq War
52%
2011-presentSyria Conflict
44%
2014Russian Invasion of Ukraine #1
42%
1917-1922Russian Civil War
41%
1967The Six Day War
38%
1936-1939Spanish Civil War
34%
1899-1902Boer War
27%
2001-2014War in Afghanistan
21%
1992-1995Bosnian War
20%
1998-1999Kosovo War
16%
1956Suez Crisis
9%
1922-1923Irish Civil War
8%
1919-1921Irish War of Independence
6%
2014-presentYemen Conflict
6%
1948-onwardsIsraeli-Palestinian Conflict
4%
2011-presentLibya Conflict
4%
1947Partition of India
4%
2008Russian Invasion of Georgia
4%
1969The Football War
4%
1963-1967Aden Emergency
3%
1936-1939Arab Revolt in Palestine
3%
1955-1959Cyprus Emergency
3%
1948-1960Malayan Emergency
3%
1991-2002Sierra Leone Civil War
3%
1962-1963Brunei Revolt
2%
1982Falklands Conflict
2%
2014-presentGlobal Coalition to Defeat ISIS
2%
1963-1966Indonesian Confrontation
2%
1944-1948Jewish insurgency in Mandatory Palestine
2%
1952-1960Kenya Emergency
2%
1919Third Afghan War
2%
1969-1998“The Toubles”
1%
1949Yangtze Incedent
1%

Score Distribution

Percentile by Number Answered

Percent of People with Each Score

Your Score History

You have not taken this quiz since the last reset